[Event "We start in 2009. When do we finish?"]
[Site "SchemingMind.com"]
[Date "2010.01.23"]
[Round "-"]
[White "tyler_ensor"]
[Black "jtrochez1"]
[Result "1-0"]
[WhiteCountry "CAN"]
[BlackCountry "HON"]
[WhiteElo "1782"]
[WhiteRD "63"]
[BlackElo "1551"]
[BlackRD "51"]
[GameID "235900"]

1. d4 Nf6 2. c4 e6 3. Nc3 Bb4 4. e3 Ne4 5. Qc2 O-O 6. Qxe4 f5 7. Qc2 c6 8. Nf3 d6 9. Bd3 Bd7 10. O-O Bxc3
11. bxc3 Be8 12. Ba3 Rf7 13. Nd2 Rf6 14. e4 f4 15. e5 Rh6 16. Bxd6 Bh5 17. Ne4 Bg6 18. Bxb8 Rxb8 19. Nd6 Bxd3 20. Qxd3 Qg5
21. Qe4 Rf8 22. Qf3 Qh5 23. Qxh5 Rxh5 24. Nxb7 Rff5 25. Nd8 Rh6 26. Nxc6 Rfh5 27. f3 Rxh2 28. Nxa7 R2h5 29. c5 Rf5 30. c6 Rf7
31. Rfb1 Rxa7 32. Rb8+ Kf7 33. Rb7+
1-0

[Event "We start in 2009. When do we finish?"]
[Site "SchemingMind.com"]
[Date "2010.01.22"]
[Round "-"]
[White "tyler_ensor"]
[Black "agarr"]
[Result "1/2-1/2"]
[WhiteCountry "CAN"]
[BlackCountry "RUS"]
[WhiteElo "1759"]
[WhiteRD "65"]
[BlackElo "1712"]
[BlackRD "78"]
[GameID "235901"]

1. d4 d5 2. c4 dxc4 3. Nf3 Nf6 4. e3 b5 5. a4 c6 6. axb5 cxb5 7. b3 cxb3 8. Bxb5+ Bd7 9. Qxb3 e6 10. O-O Bd6
11. Nc3 O-O 12. Ba3 Bxa3 13. Rxa3 Bxb5 14. Qxb5 Qd6 15. Rfa1 Qc7 16. Ne5 h6 17. Na4 Nbd7 18. Nc6 a6 19. Ne7+ Kh8 20. Qc6 Qxc6
21. Nxc6 Rfc8 22. Nb4 a5 23. Nd3 Rc2 24. R3a2 Rac8 25. Nac5 Rxa2 26. Rxa2 Nxc5 27. Nxc5 Ra8 28. f3 Nd5 29. Kf2=
1/2-1/2

[Event "We start in 2009. When do we finish?"]
[Site "SchemingMind.com"]
[Date "2010.01.23"]
[Round "-"]
[White "tyler_ensor"]
[Black "echecs"]
[Result "1/2-1/2"]
[WhiteCountry "CAN"]
[BlackCountry "ENG"]
[WhiteElo "1815"]
[WhiteRD "61"]
[BlackElo "1818"]
[BlackRD "58"]
[GameID "235902"]

1. d4 g6 2. g3 Bg7 3. Bg2 Nf6 4. Nf3 O-O 5. O-O d5 6. c3 Nbd7 7. Nbd2 Nb6 8. Qc2 c6 9. e4 dxe4 10. Ng5 Bf5
11. Ngxe4 Nxe4 12. Nxe4 Nd5 13. Qe2 Qd7 14. Re1 Rfe8 15. Nc5 Qc8 16. Bd2 b6 17. Nd3 Qd7 18. Ne5 Qc7 19. c4 f6 20. Nxc6 e6
21. cxd5 Rac8 22. Bf4 e5 23. dxe5 fxe5 24. Bxe5 Bxe5 25. Nxe5 Qc5 26. Qe3 Qc2 27. Re2 Qc7 28. f4 Re7 29. Qd2 Qc5+ 30. Kh1 Rec7
31. Nc6 Qd6 32. Qe3 Bg4 33. Rd2 Bf5 34. Re1 h5 35. Ne7+ Rxe7 36. Qxe7 Qxe7 37. Rxe7 Rc1+ 38. Bf1 Bh3 39. Rf2 Bxf1 40. Rxf1 Rxf1+
41. Kg2 Rd1 42. Re5 Rd2+ 43. Kf3 Rxh2 44. Re2 Rh1 45. Rd2 Kf7 46. d6 Ke8 47. d7+ Kd8 48. a3 Rc1 49. b4 Rc3+ 50. Kf2 Rxa3
51. Rd6 Ra2+ 52. Kg1 Rb2 53. Rxg6 Kxd7 54. Rg7+ Ke6 55. Rxa7 Rxb4 56. Kg2 Kf5 57. Kh3 Rb2 58. Rf7+ Kg6 59. Rc7=
1/2-1/2

[Event "We start in 2009. When do we finish?"]
[Site "SchemingMind.com"]
[Date "2010.01.24"]
[Round "-"]
[White "tyler_ensor"]
[Black "Lazaro"]
[Result "1-0"]
[WhiteCountry "CAN"]
[BlackCountry "CUB"]
[WhiteElo "1815"]
[WhiteRD "61"]
[BlackElo "1680"]
[BlackRD "85"]
[GameID "235904"]

1. d4 d5 2. c4 e6 3. Nc3 Nf6 4. Bg5 c6 5. e3 Nbd7 6. Nf3 Qa5 7. Nd2 Bb4 8. Qc2 O-O 9. Be2 e5 10. O-O exd4
11. Nb3 Qc7 12. Nxd4 dxc4 13. Bxc4 Qa5 14. Bh4 Qh5 15. Bg3 Nb6 16. Be2 Bg4 17. Bxg4 Nxg4 18. a3 Bxc3 19. Qxc3 Nf6 20. Rfd1 Rfe8
21. Nf3 Ne4= 22. Qd4 Rac8 23. Be5 Qf5 24. Bxg7 c5 25. Qd3 Kxg7 26. Qe2 Rcd8 27. h3 Ng5 28. Nh2 Nd5 29. Rac1 Nf4 30. Qc4 Nfxh3+
31. gxh3 Nxh3+ 32. Kg2 Qxf2+ 33. Kh1 Rxd1+ 34. Rxd1
1-0

[Event "We start in 2009. When do we finish?"]
[Site "SchemingMind.com"]
[Date "2010.01.22"]
[Round "-"]
[White "tyler_ensor"]
[Black "Archon"]
[Result "1/2-1/2"]
[WhiteCountry "CAN"]
[BlackCountry "CAN"]
[WhiteElo "1759"]
[WhiteRD "65"]
[BlackElo "1664"]
[BlackRD "61"]
[GameID "235905"]

1. d4 d6 2. c4 e5 3. dxe5 dxe5 4. Qxd8+ Kxd8 5. Nc3 Be6 6. e3 c6 7. Nf3 Nd7 8. Be2 f6 9. a3 a5 10. O-O a4
11. Rd1 Kc7 12. Bd2 Bc5 13. Rac1 Nh6 14. Ne4 Be7 15. Bc3 Nf7 16. Rc2 Nc5 17. Nxc5 Bxc5 18. Nd2=
1/2-1/2

[Event "We start in 2009. When do we finish?"]
[Site "SchemingMind.com"]
[Date "2010.01.21"]
[Round "-"]
[White "tyler_ensor"]
[Black "kwabena"]
[Result "1-0"]
[WhiteCountry "CAN"]
[BlackCountry "ENG"]
[WhiteElo "1759"]
[WhiteRD "65"]
[BlackElo "1556"]
[BlackRD "73"]
[GameID "235906"]

1. d4 d5 2. c4 c6 3. Nf3 dxc4 4. e3 b5 5. a4 Bb7 6. axb5 cxb5 7. b3 Qc7 8. bxc4 bxc4 9. Qa4+ Nd7 10. Qxc4 Qxc4
11. Bxc4 Bxf3 12. gxf3 e6 13. Ba3 Be7 14. Bxe7 Nxe7 15. Nc3 O-O 16. Ke2 Nb6 17. Bd3 Rfc8 18. Nb5 a5 19. Nd6 Rc6 20. Ne4 g6
21. Nc5 Nbd5 22. Kd2 Nb4 23. Rhb1 Ned5 24. Be4 Rc7 25. Rxb4 Nxb4 26. Bxa8 e5 27. Rxa5 exd4 28. exd4 Rc8 29. Be4 f5 30. Ra8 Rxa8
31. Bxa8 Kf7 32. Kc3 Na2+ 33. Kc4 Nc1 34. Kd5 Ne2 35. Nd3 Ng1 36. Kd6 Nxf3 37. Bxf3 h5 38. Kd7 Kf6 39. d5 h4 40. d6 g5
41. Ke8 g4 42. Bh1 Kg5 43. d7
1-0

[Event "We start in 2009. When do we finish?"]
[Site "SchemingMind.com"]
[Date "2010.01.26"]
[Round "-"]
[White "tyler_ensor"]
[Black "Schaakmaatje"]
[Result "1-0"]
[WhiteCountry "CAN"]
[BlackCountry "NED"]
[WhiteElo "1759"]
[WhiteRD "65"]
[BlackElo "1715"]
[BlackRD "50"]
[GameID "235907"]

1. d4 d5 2. c4 Bf5 3. Nc3 e6 4. Nf3 Nf6 5. Bg5 h6 6. Bh4 g5 7. Bg3 Bd6 8. e3 Nbd7 9. Be2 a6 10. Bxd6 cxd6
11. cxd5 exd5 12. O-O O-O 13. Qb3 Be4 14. Qxb7 Qa5 15. Qc6 Qb6 16. Qxb6 Nxb6 17. Nd2 Rac8 18. Rfc1 Nc4 19. Bxc4 Rxc4 20. Nxc4 dxc4
21. Nxe4 Nxe4 22. Rxc4 d5 23. Rc6
1-0

[Event "We start in 2009. When do we finish?"]
[Site "SchemingMind.com"]
[Date "2010.01.21"]
[Round "-"]
[White "tyler_ensor"]
[Black "CRIS PORTI"]
[Result "0-1"]
[WhiteCountry "CAN"]
[BlackCountry "ARG"]
[WhiteElo "1785"]
[WhiteRD "68"]
[BlackElo "1809"]
[BlackRD "77"]
[GameID "235908"]

1. d4 Nf6 2. c4 g6 3. Nc3 Bg7 4. e4 d6 5. Be2 O-O 6. Bg5 Nbd7 7. Qd2 c5 8. d5 Nb6 9. h3 e6 10. f4 exd5
11. e5 dxe5 12. fxe5 d4 13. Ne4 Nxe4 14. Bxd8 Nxd2 15. Bxb6 axb6 16. Kxd2 Bxe5 17. Bf3 Bf4+
0-1

[Event "We start in 2009. When do we finish?"]
[Site "SchemingMind.com"]
[Date "2010.01.23"]
[Round "-"]
[White "jtrochez1"]
[Black "tyler_ensor"]
[Result "0-1"]
[WhiteCountry "HON"]
[BlackCountry "CAN"]
[WhiteElo "1589"]
[WhiteRD "51"]
[BlackElo "1815"]
[BlackRD "61"]
[GameID "235909"]

1. e4 d6 2. d4 Nf6 3. Nc3 g6 4. Nf3 Bg7 5. h3 c5 6. d5 O-O 7. Be2 Nbd7 8. Rb1 a6 9. Bd2 b5 10. Bg5 Bb7
11. Qd2 Re8 12. Bh6 Bh8 13. a3 c4 14. O-O Nc5 15. Qd1 Nfxe4 16. Qe1 Nxc3 17. bxc3 Bxd5 18. Nd2 Bxc3 19. Kh2 Qa5 20. Qd1 Qxa3
21. Nf3 Bb7 22. Nd4 Qa5 23. Bf3 Bxf3 24. Nxf3 Bh8 25. Nd4 Qc7 26. f4 d5 27. Qg4 e5 28. Nf5 exf4 29. Bxf4 Be5 30. Bxe5 Qxe5+
31. Kg1 Kf8 32. Ng3 Ne6 33. Rbe1 Qd4+ 34. Qxd4 Nxd4 35. c3 Nb3 36. Rxe8+ Rxe8
0-1

[Event "We start in 2009. When do we finish?"]
[Site "SchemingMind.com"]
[Date "2010.01.22"]
[Round "-"]
[White "agarr"]
[Black "tyler_ensor"]
[Result "0-1"]
[WhiteCountry "RUS"]
[BlackCountry "CAN"]
[WhiteElo "1712"]
[WhiteRD "78"]
[BlackElo "1759"]
[BlackRD "65"]
[GameID "235910"]

1. e4 d6 2. d4 Nf6 3. Nc3 g6 4. Bg5 Bg7 5. Nf3 O-O 6. d5 Nbd7 7. Be2 a5 8. O-O Nc5 9. Nd2 Nfd7 10. f4 b6
11. Rb1 Ba6 12. Bxa6 Rxa6 13. Qe2 Ra8 14. Qf3 Qe8 15. Qh3 Nf6= 16. Bh6 Qd7 17. f5 Rfb8 18. Rf4 Nh5 19. Rg4 Bxh6 20. Nb3 Kh8
21. Rh4 Bg5 22. Rg4 Bf6 23. Nxc5 bxc5 24. Ne2 Rxb2 25. Rxb2 Bxb2 26. c3 Rb8 27. Nf4 Nxf4 28. Rxf4 Bc1 29. Rh4 h5 30. g4 Rb1
0-1

[Event "We start in 2009. When do we finish?"]
[Site "SchemingMind.com"]
[Date "2010.01.23"]
[Round "-"]
[White "echecs"]
[Black "tyler_ensor"]
[Result "1-0"]
[WhiteCountry "ENG"]
[BlackCountry "CAN"]
[WhiteElo "1748"]
[WhiteRD "64"]
[BlackElo "1759"]
[BlackRD "65"]
[GameID "235911"]

1. e4 d6 2. Nf3 Nf6 3. Nc3 g6 4. d4 Bg7 5. Bd3 Bg4 6. h3 Bxf3 7. Qxf3 c6 8. Be3 Nbd7 9. O-O O-O 10. a3 a5
11. Rab1 b5 12. b4 axb4 13. axb4 Qc7 14. Ne2 e5 15. c3 Rfe8 16. d5 cxd5 17. Bxb5 dxe4 18. Qg3 Reb8 19. c4 Nh5 20. Qh4 f5
21. g4 Bf6 22. Bg5 Bxg5 23. Qxg5 Ng7 24. Ng3 Qd8 25. Qd2 Nb6 26. gxf5 gxf5 27. Rfd1 Nc8 28. c5 Rxb5 29. Qd5+ Kh8 30. Qxa8 Qc7
31. cxd6
1-0

[Event "We start in 2009. When do we finish?"]
[Site "SchemingMind.com"]
[Date "2010.01.25"]
[Round "-"]
[White "Lazaro"]
[Black "tyler_ensor"]
[Result "1-0"]
[WhiteCountry "CUB"]
[BlackCountry "CAN"]
[WhiteElo "1767"]
[WhiteRD "80"]
[BlackElo "1785"]
[BlackRD "68"]
[GameID "235913"]

1. e4 d5 2. exd5 Qxd5 3. Nc3 Qa5 4. d4 Nf6 5. Nf3 c6 6. Bc4 Bf5 7. Bd2 e6 8. Nd5 Qd8 9. Nxf6+ gxf6 10. Bb3 Nd7
11. Qe2 c5 12. Nh4 Bg6 13. d5 e5 14. f4 f5 15. Nxg6 fxg6 16. fxe5 Qh4+ 17. Kd1 O-O-O 18. e6 Nb6 19. c4 Bd6 20. Kc2 Rhe8
21. a4 Na8 22. g3 Qe7 23. Raf1 Nc7 24. a5 a6 25. g4 Rf8 26. gxf5 gxf5 27. Rhg1 Kb8 28. Bg5
1-0

[Event "We start in 2009. When do we finish?"]
[Site "SchemingMind.com"]
[Date "2010.01.22"]
[Round "-"]
[White "Archon"]
[Black "tyler_ensor"]
[Result "0-1"]
[WhiteCountry "CAN"]
[BlackCountry "CAN"]
[WhiteElo "1656"]
[WhiteRD "60"]
[BlackElo "1782"]
[BlackRD "63"]
[GameID "235914"]

1. Nf3 b6 2. g3 Bb7 3. Bg2 c5 4. c4 g6 5. O-O Bg7 6. Nc3 Nf6 7. d4 cxd4 8. Nxd4 Bxg2 9. Kxg2 Nc6 10. Nxc6 dxc6
11. Bd2 O-O 12. Qc2 Qc7 13. Rac1 c5 14. Rfd1 Rfd8 15. Bf4 Qc6+ 16. Kg1 Nh5 17. Be3 e6 18. Ne4 Bxb2 19. Qxb2 Qxe4 20. Bh6 Rd4
21. e3 Rxc4 22. h3 Rxc1 23. Rxc1 e5 24. g4 Nf6 25. g5 Nh5 26. Rd1 Qf3 27. Rd2 Qxh3 28. Qxe5 Qe6 29. Qxe6 fxe6 30. Rd7 Rc8
31. Kf1 c4 32. Ke2 b5 33. Kd2 a5 34. Ra7 Rd8+ 35. Kc2 b4 36. Rxa5 c3 37. f4 Ng3 38. a3 Rd2+ 39. Kb3 Rb2+ 40. Ka4 c2
41. Ra8+ Kf7 42. Ra7+ Ke8 43. Rc7 Ne2 44. Bg7 Ra2 45. Kb3 c1=Q
0-1

[Event "We start in 2009. When do we finish?"]
[Site "SchemingMind.com"]
[Date "2010.01.21"]
[Round "-"]
[White "kwabena"]
[Black "tyler_ensor"]
[Result "0-1"]
[WhiteCountry "ENG"]
[BlackCountry "CAN"]
[WhiteElo "1588"]
[WhiteRD "73"]
[BlackElo "1785"]
[BlackRD "68"]
[GameID "235915"]

1. d4 Nf6 2. Bf4 d5 3. h3 e6 4. e3 c5 5. c3 Nc6 6. a3 Qb6 7. dxc5 Bxc5 8. b4 Be7 9. c4 dxc4 10. Bxc4 O-O
11. Qb3 Ne4 12. Nf3 Bd7 13. Nc3 Bf6 14. Na4 Qd8 15. Rd1 Qc8 16. Bd3 e5 17. Bxe5 Nxf2 18. Kxf2 Nxe5 19. Nxe5 Bxe5 20. Nc5 Be6
21. Nxe6 Qxe6 22. Qb1 Rfd8 23. Rhe1 g6 24. Re2 Qf6+ 25. Kg1 Rac8 26. Red2 Rc3 27. a4 Ra3 28. a5 Bc3 29. Rf2 Qe5 30. Rf3 Bxb4
31. Bxg6 Rxd1+ 32. Qxd1 Ra1 33. Bxf7+ Kg7 34. Qxa1 Qxa1+ 35. Kf2 Qe1#
0-1

[Event "We start in 2009. When do we finish?"]
[Site "SchemingMind.com"]
[Date "2010.01.26"]
[Round "-"]
[White "Schaakmaatje"]
[Black "tyler_ensor"]
[Result "0-1"]
[WhiteCountry "NED"]
[BlackCountry "CAN"]
[WhiteElo "1724"]
[WhiteRD "49"]
[BlackElo "1782"]
[BlackRD "63"]
[GameID "235916"]

1. e4 c5 2. Nf3 d6 3. d4 cxd4 4. Nxd4 Nf6 5. Nc3 g6 6. f3 Bg7 7. Be3 a6 8. Qd2 Nbd7 9. Bc4 b5 10. Bb3 Bb7
11. a4 b4 12. Nce2 a5 13. O-O O-O 14. Rad1 Rc8 15. Nb5 Ne5 16. Nf4 Nc4 17. Bxc4 Rxc4 18. c3 bxc3 19. Nxc3 Qa8 20. Ncd5 Nxd5
21. Nxd5 Bxd5 22. b3 Rxe4 23. fxe4 Bxb3 24. Rc1 Bxa4 25. Rc7 Qxe4 26. Re1 Qb4 27. Rxe7 Bc3
0-1

[Event "We start in 2009. When do we finish?"]
[Site "SchemingMind.com"]
[Date "2010.01.22"]
[Round "-"]
[White "CRIS PORTI"]
[Black "tyler_ensor"]
[Result "1-0"]
[WhiteCountry "ARG"]
[BlackCountry "CAN"]
[WhiteElo "1809"]
[WhiteRD "77"]
[BlackElo "1785"]
[BlackRD "68"]
[GameID "235917"]

1. e4 e6 2. d4 d5 3. Nc3 Nf6 4. Bg5 Be7 5. e5 Nfd7 6. Bxe7 Qxe7 7. Qg4 f5 8. exf6 Nxf6 9. Qg3 a6 10. Nf3 O-O
11. Bd3 Bd7 12. O-O Be8 13. Rfe1 Nbd7 14. Ng5 Bf7 15. Nxf7 Qxf7 16. Qxc7 Ne8 17. Qg3 Rc8 18. Re3 Nef6 19. Rae1 Nh5 20. Qh4 g6
21. Rxe6
1-0